Statistics for Animal Island

Click here to take the quiz!

General Stats

  • This quiz has been taken 58 times
  • The average score is 8 of 9

Answers on the Map

Answers color-coded by a green-red scale on the quiz's map according to % correct below.
 

Answer Stats

Animal Silhouettes% Correct
Butterfly
100%
Elephant
100%
Horse
100%
Shark
100%
Snake
100%
Squid
91%
Swordfish
85%
Goose
79%
Falcon
60%

Score Distribution

Percentile by Number Answered

Percent of People with Each Score

Your Score History

You have not taken this quiz